Stockholm Subway stations - Stockholms tunnelbanestationer - Statistics

General Stats
  • This quiz has been taken 204 times
  • The average score is 54 of 100
Answer Stats
Answers % Correct
T-Centralen
91%
Gamla stan
87%
Slussen
87%
Farsta
76%
Odenplan
74%
Östermalmstorg
71%
Medborgarplatsen
70%
Akalla
68%
Alvik
68%
Gullmarsplan
68%
Hässelby strand
68%
Mörby centrum
68%
Rinkeby
68%
Globen
67%
Ropsten
67%
Skanstull
67%
Hötorget
66%
Kungsträdgården
66%
Mariatorget
66%
Farsta strand
65%
Liljeholmen
65%
Fridhemsplan
64%
Fruängen
63%
Tekniska högskolan
63%
Zinkensdamm
63%
Norsborg
62%
Hagsätra
61%
Skarpnäck
61%
Tensta
61%
Kista
60%
Hjulsta
58%
Midsommarkransen
58%
Rådmansgatan
58%
Solna centrum
58%
Stadion
58%
Universitetet
58%
Vällingby
57%
Fittja
56%
Hornstull
56%
Karlaplan
56%
Abrahamsberg
55%
Alby
55%
Brommaplan
55%
Danderyds sjukhus
55%
Hallonbergen
55%
Telefonplan
55%
Bagarmossen
54%
Gärdet
53%
Hökarängen
52%
Rågsved
52%
Skärholmen
52%
Enskede gård
51%
Högdalen
51%
Thorildsplan
51%
Åkeshov
50%
Bandhagen
50%
Blåsut
50%
Gubbängen
50%
Bredäng
49%
Husby
49%
Kristineberg
49%
Rådhuset
48%
Sankt Eriksplan
48%
Sockenplan
48%
Västra skogen
48%
Blackeberg
47%
Hässelby gård
47%
Råcksta
47%
Hägerstensåsen
46%
Hammarbyhöjden
46%
Skärmarbrink
46%
Aspudden
45%
Axelsberg
45%
Islandstorget
45%
Sätra
45%
Skogskyrkogården
45%
Stureby
45%
Vårby gård
45%
Västertorp
45%
Bergshamra
44%
Örnsberg
44%
Rissne
44%
Stora mossen
44%
Svedmyra
43%
Solna strand
42%
Vårberg
42%
Ängbyplan
41%
Mälarhöjden
41%
Masmo
41%
Kärrtorp
40%
Stadshagen
40%
Näckrosen
39%
Sundbybergs centrum
39%
Tallkrogen
39%
Sandsborg
38%
Björkhagen
37%
Johannelund
37%
Duvbo
36%
Huvudsta
36%
Hallunda
35%
No matching quizzes found
Score Distribution
Percent of People with Each Score
Percentile by Number Answered
Your Score History
You have not taken this quiz